Dynamic Multilevel Methods and the Numerical simulation of Turbulance (Record no. 5401)

MARC details
000 -LEADER
fixed length control field 00596nam a22001937a 4500
003 - CONTROL NUMBER IDENTIFIER
control field OSt
005 - DATE AND TIME OF LATEST TRANSACTION
control field 20161115133318.0
008 - FIXED-LENGTH DATA ELEMENTS--GENERAL INFORMATION
fixed length control field 161115b xxu||||| |||| 00| 0 eng d
020 ## - INTERNATIONAL STANDARD BOOK NUMBER
International Standard Book Number 0521621658
040 ## - CATALOGING SOURCE
Transcribing agency DDC.
082 ## - DEWEY DECIMAL CLASSIFICATION NUMBER
Classification number 532.05DUB 1999.
100 ## - MAIN ENTRY--PERSONAL NAME
Personal name Dubois,Theirry;Jauberteau,Francois;Temam,Roger;
9 (RLIN) 11294
245 ## - TITLE STATEMENT
Title Dynamic Multilevel Methods and the Numerical simulation of Turbulance
260 ## - PUBLICATION, DISTRIBUTION, ETC. (IMPRINT)
Place of publication, distribution, etc. Austraria.
Name of publisher, distributor, etc. Cambridge University Press.
Date of publication, distribution, etc. 1999.
300 ## - PHYSICAL DESCRIPTION
Extent xix,289p;
Other physical details ill:
Dimensions 22cm.
504 ## - BIBLIOGRAPHY, ETC. NOTE
Bibliography, etc includes references and index.
650 ## - SUBJECT ADDED ENTRY--TOPICAL TERM
Topical term or geographic name as entry element Physics.
9 (RLIN) 809
942 ## - ADDED ENTRY ELEMENTS (KOHA)
Source of classification or shelving scheme Dewey Decimal Classification
Koha item type Open Shelf
Holdings
Withdrawn status Lost status Source of classification or shelving scheme Damaged status Not for loan Home library Current library Date acquired Source of acquisition Inventory number Total Checkouts Full call number Barcode Date last seen Koha item type
    Dewey Decimal Classification     MUST Main Library MUST Main Library 15/11/2016   04/21751   532.05DUB 1999. 2016-4933 15/11/2016 Open Shelf
    Dewey Decimal Classification     MUST Main Library MUST Main Library 15/11/2016   04/21752   532.05DUB 1999. 2016-4934 15/11/2016 Open Shelf
    Dewey Decimal Classification     MUST Main Library MUST Main Library 15/11/2016   04/20688   532.05DUB 1999. 2016-4935 15/11/2016 Open Shelf